000 00562nam a2200145 i 4500
001 165906
003 SpMaBN
005 20230906213228.0
008 180806s1935 sp |||| | spa d
100 1 _aSchnitzler, Arthur.
_9104593
245 1 3 _aLa última aventura del caballero Casanova
_b: (Casanovas Heimhahrt) /
_cArthur Schnitzler ; traducción directa del alemán por Susana Palanca.
260 _aBarcelona :
_bApolo,
_c1935.
300 _a172 p. ;
_c20 cm.
852 _aES-MaACL
_jL-32206
_z. - Donat. herederos de la bibl. de Mª del Pilar Costa Palacín
999 _c165906
_d165906